000 01248cam a22003134a 4500
001 13629486
003 OSt
005 20161109151156.0
008 040618s2004 enka b 101 0 eng
010 _a 2004300668
015 _aGBA4-Z9806
020 _a0199269017
035 _a(OCoLC)ocm53871752
040 _aDLC
_cDLC
_dDLC
042 _apcc
050 0 0 _aRA648.6
_b.N48 2004
082 0 0 _aWA 900 M363n 2004
_222
100 _aEdited by Martina, Morris
_911269
245 0 0 _aNetwork Epidemiology :
_ba handbook for survey design and data collection
260 _bOxford University Press,
_c2004.
300 _axii, 237 p. :
_bill. ;
_c25 cm.
500 _a"This book is the outcome of a conference on 'Partnerships and the spread of HIV and other infections' sponsored by the International Union for the Scientific Study of Population (IUSSP) in Chiang Mai, Thailand in February 2000"--Editor's intro.
504 _aIncludes bibliographical references and index.
650 0 _aEpidemiology
_vCongresses.
_92034
650 0 _aPublic/Community health
_92035
856 4 2 _3Publisher description
_uhttp://www.loc.gov/catdir/enhancements/fy0620/2004300668-d.html
906 _a7
_bcbc
_corigres
_d2
_encip
_f20
_gy-gencatlg
942 _2z
_cSLOAN
999 _c761
_d761